书目信息 |
| 题名: |
寻求幸福
|
|
| 作者: | 阿扎耶夫 著 | |
| 分册: | ||
| 出版信息: | 福州 福建人民出版社 1983 |
|
| 页数: | 225页 | |
| 开本: | 19cm | |
| 丛书名: | ||
| 单 册: | ||
| 中图分类: | I512.4 | |
| 科图分类: | ||
| 主题词: | 文学 | |
| 电子资源: | ||
| ISBN: | ||
| 000 | 00746nam0 2200253 45 | |
| 001 | 0183010500 | |
| 005 | 20030104214523.7 | |
| 010 | @dCNY0.65 | |
| 091 | @a10173.401 | |
| 100 | @a19950804d1983 em y0chiy0121 ea | |
| 101 | 1 | @achi@crus |
| 102 | @aCN@b350000 | |
| 105 | @af z 000ay | |
| 106 | @ar | |
| 200 | 10 | @a寻求幸福@Axun qiu xing fu@e五十年代苏联爱情小说选@f(苏)В.阿扎耶夫等著@g杨郁译 |
| 210 | @a福州@c福建人民出版社@d1983 | |
| 215 | @a225页@c图@d19cm | |
| 517 | 1 | @a五十年代苏联爱情小说选@Awu shi nian dai su lian ai qing xiao shuo xuan |
| 606 | 0 | @a文学 |
| 690 | @aI512.4 | |
| 701 | 1 | @a阿扎耶夫@Aa zha ye fu@bВ.@4著 |
| 801 | 0 | @aCN@b上海图书馆@c20030104 |
| 801 | 2 | @aCN@bNLC@c20030104 |
| 905 | @f4@b88481-484@dI512.4@e103 | |
| 寻求幸福:五十年代苏联爱情小说选/(苏)В.阿扎耶夫等著/杨郁译.-福州:福建人民出版社,1983 |
| 225页:图;19cm |
| ISBN :CNY0.65 |
| ● |
| 相关链接 |
|
|
|
|
正题名:寻求幸福
索取号:I512.4/103
 
预约/预借
| 序号 | 登录号 | 条形码 | 馆藏地/架位号 | 状态 | 备注 |
| 1 | 0088481 | 000688697 | 密集书库/ [索取号:I512.4/103] | 在馆 | |
| 2 | 0088482 | 000688704 | 密集书库/ [索取号:I512.4/103] | 在馆 | |
| 3 | 0088483 | 000688722 | 密集书库/ [索取号:I512.4/103] | 在馆 | |
| 4 | 0088484 | 000688713 | 第二借阅区/ [索取号:I512.4/103] | 在馆 | |
| 5 | 0088485 | 000688731 | 第一样本阅览室/ [索取号:I512.4/103] | 在馆 |